[Event "SPICE Cup Open 2016"]
[Site "Saint Louis USA"]
[Date "2016.10.22"]
[Round "9.12"]
[White "Duran Vega, Sergio"]
[Black "Williams, Justus D"]
[Result "1/2-1/2"]
[WhiteTitle "FM"]
[BlackTitle "FM"]
[WhiteElo "2383"]
[BlackElo "2313"]
[WhiteFideId "6501311"]
[BlackFideId "2049929"]
[EventDate "2016.10.17"]

1. e4 c5 2. Nf3 e6 3. g3 a6 4. Bg2 b5 5. O-O Bb7 6. Re1 d6 7. d4 cxd4 8. Nxd4
Nd7 9. Nc3 Qc7 10. Qe2 Be7 11. f4 Ngf6 12. Nd1 O-O 13. Nf2 Rfe8 14. Nf3 Nc5 15.
e5 Nd5 16. c3 Rac8 17. Ng4 Nd7 18. Bd2 Qc4 19. h4 dxe5 20. Ngxe5 Qxe2 21. Rxe2
Nc5 22. Nd4 Na4 23. Be1 Bc5 24. Bf2 Ba8 25. h5 Red8 26. Nb3 Bxf2+ 27. Kxf2 Nf6
28. Bxa8 Rxa8 29. h6 gxh6 30. Nd4 Rd5 31. Nec6 Kg7 32. Kf3 h5 33. f5 e5 34. Nxe5
Nxb2 35. Nec6 Na4 36. Rc1 Rc5 37. Re7 Kf8 38. Rce1 Rc8 39. Ra7 Rxc3+ 40. Kg2 Re8
41. Rxe8+ Kxe8 42. Rxa6 Ne4 43. Ra8+ Kd7 44. Rd8+ Kc7 45. Nxb5+ Kxc6 46. Nxc3
Nexc3 47. Rf8 Nxa2 48. Rxf7 Kd6 49. Rxh7 Ke5 50. Rxh5 N2c3 51. Kf3 Nb2 52. g4
Nd3 53. Rh8 Ne1+ 54. Kg3 Ne4+ 55. Kh4 Ng2+ 56. Kh5 Nf4+ 57. Kh6 Nf6 58. Ra8
Nxg4+ 59. Kg5 Nf6 60. Ra5+ N4d5 61. Kg6 Ne4 62. Rb5 Nd6 63. f6 Nxb5 64. f7 Nf4+
65. Kg7 Ne6+ 66. Kg8 Nd6 67. f8=Q Nxf8 1/2-1/2

[Event "SPICE Cup Open 2016"]
[Site "Saint Louis USA"]
[Date "2016.10.22"]
[Round "9.13"]
[White "Colas, Joshua"]
[Black "Kavutskiy, Konstantin"]
[Result "1/2-1/2"]
[WhiteTitle "FM"]
[BlackTitle "FM"]
[WhiteElo "2335"]
[BlackElo "2332"]
[WhiteFideId "2044447"]
[BlackFideId "2026384"]
[EventDate "2016.10.17"]

1. d4 Nf6 2. Nf3 g6 3. Bg5 Bg7 4. Nbd2 O-O 5. c3 d5 6. e3 b6 7. Be2 Bb7 8. O-O
Nbd7 9. a4 h6 10. Bh4 g5 11. Bg3 Nh5 12. Be5 f6 13. Ne1 fxe5 14. Bxh5 c5 15. Nc2
exd4 16. exd4 e5 17. Bg4 Kh8 18. Re1 cxd4 19. cxd4 e4 20. Nf1 Nf6 21. Be2 Bc8
22. Ng3 Qe8 23. Ne3 Qg6 24. Rc1 Be6 25. Bh5 Nxh5 26. Nxh5 Rac8 27. Nxg7 Qxg7 28.
Qd2 Qf6 29. Rxc8 Rxc8 30. Qb4 Qd8 31. Qb5 Kg7 32. h3 Kf7 33. Ra1 Qe8 34. Qe2 Kg6
35. a5 b5 36. Rf1 Rc7 37. f3 exf3 38. Rxf3 Qc6 39. Qd3+ Kg7 40. Rf1 a6 41. Nf5+
Bxf5 42. Qxf5 Qd6 43. b3 Rd7 44. h4 Qe7 45. hxg5 hxg5 46. Rf3 Qe1+ 47. Kh2 Qh4+
48. Rh3 Qf4+ 49. Qxf4 gxf4 50. Rh5 Rc7 51. Rxd5 Rc3 52. Rd6 Rxb3 53. Rxa6 Ra3
54. d5 Kf7 55. Ra8 b4 56. a6 b3 57. Rb8 Rxa6 58. Rxb3 Kf6 59. Rh3 Rd6 60. Rh6+
Ke5 61. Rh5+ Ke4 62. Kh3 1/2-1/2

[Event "SPICE Cup Open 2016"]
[Site "Saint Louis USA"]
[Date "2016.10.22"]
[Round "9.14"]
[White "Rosen, Eric S"]
[Black "Santarius, Erik F"]
[Result "0-1"]
[WhiteTitle "IM"]
[WhiteElo "2382"]
[BlackElo "2289"]
[WhiteFideId "2032562"]
[BlackFideId "2025817"]
[EventDate "2016.10.17"]

1. e4 e5 2. Nf3 Nc6 3. Bc4 Bc5 4. c3 Nf6 5. d4 exd4 6. cxd4 Bb4+ 7. Nbd2 d5 8.
exd5 Nxd5 9. O-O O-O 10. a3 Bxd2 11. Bxd2 Bg4 12. h3 Bxf3 13. Qxf3 Nb6 14. Bd3
Nxd4 15. Qxb7 c6 16. Rad1 Nf3+ 17. gxf3 Qxd3 18. Qxc6 Qf5 19. Qe4 Qxh3 20. Qg4
Qxg4+ 21. fxg4 f5 22. Bb4 Rf7 23. Rd4 fxg4 24. Rxg4 Nd5 25. Bc5 h5 26. Re4 Rc8
27. b4 Rc6 28. Rd1 Rg6+ 29. Kf1 Rf5 30. Rd3 a6 31. Red4 Nf6 32. Ke2 Rg2 33. Rd8+
Kh7 34. Rf3 Re5+ 35. Kf1 Reg5 36. Be3 Rg1+ 37. Ke2 Re5 38. Kd2 Ra1 39. Kc2 Rf1
40. Bd4 Re2+ 41. Kb3 Re6 42. Rf5 Kg6 43. Ra5 h4 44. Bxf6 Rxf6 45. Rh8 Rf3+ 46.
Kc4 Rf4+ 47. Kb3 R1xf2 48. Rxa6+ Kg5 49. Rc6 Rf1 50. Rc2 R4f3+ 51. Kc4 Rxa3 52.
Rb2 Rf5 53. b5 Ra4+ 54. Kd3 Rf3+ 55. Ke2 Rh3 56. Kf1 Rg4 57. Rg2 Rh1+ 58. Kf2
Rb1 59. Rxg4+ Kxg4 60. Kg2 Rb2+ 61. Kf1 h3 62. b6 Rxb6 63. Rh7 g5 64. Rc7 Rb1+
65. Kf2 h2 0-1

[Event "SPICE Cup Open 2016"]
[Site "Saint Louis USA"]
[Date "2016.10.22"]
[Round "9.15"]
[White "Rahul, Srivatshav P"]
[Black "Niemann, Hans M"]
[Result "1-0"]
[BlackTitle "FM"]
[WhiteElo "2277"]
[BlackElo "2288"]
[WhiteFideId "25059653"]
[BlackFideId "2093596"]
[EventDate "2016.10.17"]

1. e4 c5 2. Nf3 e6 3. d4 cxd4 4. Nxd4 Nc6 5. Nc3 Qc7 6. g3 a6 7. Bg2 b5 8. O-O
Bb7 9. Re1 Bc5 10. Nb3 Be7 11. Nd5 exd5 12. exd5 Ne5 13. d6 Bxd6 14. Bxb7 Rb8
15. Bg2 Ne7 16. f4 Nc4 17. Kh1 O-O 18. Nd2 Rfe8 19. Ne4 Nf5 20. b3 Nb6 21. Bb2
Bb4 22. Qg4 Qxc2 23. Re2 h5 24. Qxh5 Qd3 25. Ng5 Rxe2 26. Qxf7+ Kh8 27. Qh5+ Kg8
28. Qh7+ Kf8 29. Bxg7+ Ke8 30. Qh8+ Ke7 31. Bf6+ 1-0

[Event "SPICE Cup Open 2016"]
[Site "Saint Louis USA"]
[Date "2016.10.22"]
[Round "9.16"]
[White "Betaneli, Alexander"]
[Black "Sharevich, Anna"]
[Result "1/2-1/2"]
[WhiteTitle "FM"]
[BlackTitle "WGM"]
[WhiteElo "2259"]
[BlackElo "2268"]
[WhiteFideId "2012359"]
[BlackFideId "13503189"]
[EventDate "2016.10.17"]

1. c4 e5 2. g3 Nc6 3. Bg2 Bc5 4. Nc3 d6 5. e3 a6 6. Nge2 Ba7 7. d4 exd4 8. Nxd4
Nge7 9. O-O O-O 10. Nxc6 bxc6 11. b3 Be6 12. Bb2 Qd7 13. Rc1 Bh3 14. Bxh3 Qxh3
15. Ne2 Ng6 16. Nf4 Nxf4 17. exf4 Rae8 18. Qf3 Re6 19. Rce1 Rh6 20. Qg2 Qd7 21.
Re2 Re8 22. Rfe1 Rhe6 23. Rxe6 Rxe6 24. Rxe6 Qxe6 25. Qxc6 Qe1+ 26. Kg2 Qxf2+
27. Kh3 h6 28. Qa8+ Kh7 29. Qg2 Qc5 30. Qc2+ Kg8 31. Qe4 Qf2 32. Qe8+ Kh7 33.
Qe4+ Kh8 1/2-1/2

[Event "SPICE Cup Open 2016"]
[Site "Saint Louis USA"]
[Date "2016.10.22"]
[Round "9.18"]
[White "Gosdin, Kaleb Ryder"]
[Black "Mercado, Luisa Fernanda"]
[Result "0-1"]
[BlackTitle "WFM"]
[WhiteElo "1953"]
[BlackElo "1939"]
[WhiteFideId "30920442"]
[BlackFideId "4400984"]
[EventDate "2016.10.17"]

1. c4 e5 2. g3 g6 3. Nc3 Bg7 4. Bg2 c6 5. e4 Ne7 6. Nge2 d6 7. d4 O-O 8. O-O Bg4
9. Be3 Na6 10. f3 Bd7 11. d5 c5 12. Rb1 h6 13. Nc1 Rc8 14. Qd2 Kh7 15. Nb5 Bxb5
16. cxb5 Nc7 17. b4 cxb4 18. Qxb4 a6 19. a4 Qd7 20. Nd3 axb5 21. axb5 Ra8 22.
Rf2 Rfc8 23. Qb3 Ng8 24. b6 Na6 25. Rc2 Rxc2 26. Qxc2 Rc8 27. Qb3 h5 28. Rc1 Bh6
29. Bxh6 Nxh6 30. Rxc8 Qxc8 31. Qa3 Qc4 32. Nf2 Qc5 33. Qb2 Nb4 34. Kh1 Qxb6 35.
Nd3 Qe3 36. Qxb4 Qxd3 37. h3 Qa6 38. f4 f6 39. Qc3 Qb6 40. Qc8 Kg7 41. Qd7+ Nf7
42. fxe5 fxe5 43. h4 Qb1+ 44. Kh2 Qb2 45. Kh1 Qb1+ 46. Kh2 b5 47. Bh3 Qc2+ 48.
Kg1 Qd1+ 49. Kh2 Qe2+ 50. Kg1 Qe3+ 51. Kh2 b4 52. Be6 Qf2+ 53. Kh1 b3 54. Bxf7
Qxf7 55. Qxd6 b2 56. Qxe5+ Qf6 57. Qc7+ Kh6 0-1